| 000 -Etiqueta do registo | |
|---|---|
| campo de controlo de comprimento fixo | 005980000a22002170004500 |
| 001 - Identificador do registo | |
| Campo de controlo | 41785 |
| 010 ## - ISBN | |
| Número (ISBN) | 3-88897-049-0 |
| 100 ## - Dados Gerais de Proc. | |
| Dados gerais de processamento | 20060728d1991 k y0pory5003 ba |
| 101 0# - Língua da publicação | |
| Língua do texto, banda sonora, etc. | Alemão |
| 102 ## - País de Publicação | |
| País de publicação | Alemanha |
| 200 1# - Título | |
| Título próprio | Die eroberung der luft |
| Primeira menção de responsabilidade | Simon Werle |
| 210 ## - Publicação, Distribuição | |
| Lugar da edição, distribuição, etc. | Munique |
| Nome do editor, distribuidor, etc. | Verlag Antje Kunstmann |
| Data da publicação, distribuição, etc. | 1991 |
| 215 ## - Descrição física | |
| Descrição física | 149, [1] p. |
| 606 ## - Nome comum | |
| Elemento de entrada | Literatura estrangeira |
| 606 ## - Nome comum | |
| Elemento de entrada | Língua alemã |
| 606 ## - Nome comum | |
| Elemento de entrada | Conto |
| 675 ## - CDU | |
| Notação | 85 |
| Língua da edição | Português |
| 700 #1 - Responsabilidade principal | |
| Palavra de ordem | Werle |
| Outra parte do nome | Simon |
| 090 ## - Números de controlo do sistema (Koha) | |
| Número biblioitem do Koha (gerado automaticamente) | 41785 |
| 942 ## - Elementos de entrada adicionados (Koha) | |
| Tipo de item no Koha | Monografias |
| Suprimido | Disponível no OPAC |
| 999 ## - Campo local | |
| Campo local | 41785 |
| Removido (estado) | Perdido (estado) | Data de aquisição | Origem do registo (biblioteca) (codificado) | Código da organização que empresta ou é detentora (biblioteca) | Código de barras | Número de inventário | Cota | Tipo de circulação (não pode ser emprestado) | Tipo de item e material |
|---|---|---|---|---|---|---|---|---|---|
| Disponível | Disponível | 2006-07-28 | Biblioteca da Escola Secundária Dr. Jorge Augusto Correia | Biblioteca da Escola Secundária Dr. Jorge Augusto Correia | BESJAC7793 | 7793 | 85 WER | Normal | Monografias |